[Event "HUN-ch U18"]
[Site "Eger"]
[Date "2021.08.26"]
[Round "5"]
[White "Pribelszky, Bence"]
[Black "Ronai, Akos Balazs"]
[Result "1-0"]
[WhiteElo "2351"]
[BlackElo "1963"]
[PlyCount "91"]
[EventDate "2021.08.20"]
[EventType "swiss"]
[EventRounds "7"]
[EventCountry "HUN"]
[SourceTitle "EXT 2022"]
[Source "ChessBase"]
[SourceDate "2021.10.06"]
[SourceVersion "1"]
[SourceVersionDate "2021.10.06"]
[SourceQuality "1"]

1. e4 e5 2. Nf3 Nc6 3. Bc4 Nf6 4. d3 h6 5. 0-0 d6 6. a3 g5 7. Nc3 Bg7 8. Re1 g4 9. Nd2 Ne7 10. Nf1 h5 11. Bg5 h4 12. Ne3 Qd7 13. f4 exf4 14. Bxf4 Rh5 15. Rf1 b5 16. Bb3 Bb7 17. a4 b4 18. Ne2 Ng6 19. a5 0-0-0 20. a6 Ba8 21. Ra4 d5 22. Rxb4 dxe4 23. Rc4 Ne5 24. Rd4 Qc6 25. Rxd8+ Kxd8 26. Bxe5 Rxe5 27. d4 Ra5 28. Qe1 Qxa6 29. Bc4 Qb6 30. Qxh4 Rh5 31. Qg3 Bf8 32. Qf4 Bh6 33. Qg3 Bxe3+ 34. Qxe3 Qd6 35. Ng3 Rh7 36. c3 Nd5 37. Qg5+ Ne7 38. Rf6 Qd7 39. Nf5 e3 40. Bb5 e2 41. Bxe2 Kc8 42. Bxg4 Kb8 43. Nxe7 Qxe7 44. Rb6+ axb6 45. Qxe7 Rg7 46. Qf8+ 1-0

[Event "HUN-ch U18"]
[Site "Eger"]
[Date "2021.08.23"]
[Round "1"]
[White "Ronai, Akos Balazs"]
[Black "Leszko, Bence"]
[Result "0-1"]
[WhiteElo "1963"]
[BlackElo "2224"]
[PlyCount "66"]
[EventDate "2021.08.20"]
[EventType "swiss"]
[EventRounds "7"]
[EventCountry "HUN"]
[SourceTitle "EXT 2022"]
[Source "ChessBase"]
[SourceDate "2021.10.06"]
[SourceVersion "1"]
[SourceVersionDate "2021.10.06"]
[SourceQuality "1"]

1. e4 c5 2. Nf3 Nf6 3. e5 Nd5 4. c4 Nb4 5. Nc3 d6 6. a3 N4c6 7. exd6 Qxd6 8. d4 Nxd4 9. Nxd4 Qxd4 10. Qf3 Qg4 11. Qd3 Bf5 12. Qd5 Nc6 13. Be2 Qg6 14. Nb5 Rc8 15. Bf4 e6 16. Qd2 e5 17. 0-0-0 exf4 18. Rhe1 Be7 19. Bh5 Qf6 20. Nd6+ Kf8 21. Rxe7 Qxe7 22. Nxf5 Qe6 23. Bg4 g6 24. Qxf4 h5 25. Bh3 Qe5 26. Qxe5 Nxe5 27. Nd6 Rc7 28. Rd5 Ng4 29. Ne4 Kg7 30. f3 Ne3 31. Rd3 Nxc4 32. Rc3 Ne5 33. Nxc5 Rxc5 0-1

[Event "HUN-chT2 Asztalos 1516"]
[Site "Hungary"]
[Date "2016.03.20"]
[Round "9.12"]
[White "Ronai, Akos Balazs"]
[Black "Papp, Abel"]
[Result "1-0"]
[WhiteElo "1647"]
[BlackElo "1359"]
[PlyCount "49"]
[EventDate "2015.09.13"]
[EventType "team-tourn"]
[EventRounds "11"]
[EventCountry "HUN"]
[SourceTitle "EXT 2017"]
[Source "ChessBase"]
[SourceDate "2016.10.25"]
[SourceVersion "1"]
[SourceVersionDate "2016.10.25"]
[SourceQuality "1"]
[WhiteTeam "Pecs Karmin"]
[BlackTeam "Szentlorinc"]
[WhiteTeamCountry "HUN"]
[BlackTeamCountry "HUN"]

1. e4 c5 2. Nf3 d6 3. c3 Nf6 4. d3 e6 5. Be2 Be7 6. 0-0 0-0 7. h3 Nc6 8. Be3 Qc7 9. Nbd2 d5 10. Qc2 dxe4 11. Nxe4 Nxe4 12. dxe4 b6 13. Nd2 Bb7 14. f4 Rad8 15. Bf3 Bd6 16. e5 Be7 17. Be4 h6 18. Rf3 Kh8 19. a4 f5 20. exf6 Bxf6 21. Raf1 Ne7 22. Bxb7 Qxb7 23. Ne4 Nd5 24. Nxf6 Nxe3 25. Qh7# 1-0

[Event "HUN-ch U12"]
[Site "Balatonlelle"]
[Date "2015.06.22"]
[Round "6"]
[White "Forgacs, Andras"]
[Black "Ronai, Akos Balazs"]
[Result "1-0"]
[WhiteElo "1699"]
[BlackElo "1607"]
[PlyCount "67"]
[EventDate "2015.06.18"]
[EventType "swiss"]
[EventRounds "9"]
[EventCountry "HUN"]
[SourceTitle "CBM 167 Extra"]
[Source "ChessBase"]
[SourceDate "2015.09.14"]
[SourceVersion "1"]
[SourceVersionDate "2015.09.14"]
[SourceQuality "1"]

1. Nf3 d5 2. g3 Nf6 3. Bg2 Bf5 4. d3 Nbd7 5. 0-0 e6 6. Bg5 Be7 7. Nbd2 0-0 8. c4 c6 9. Nh4 Bg6 10. Nxg6 hxg6 11. a3 Ne8 12. Bxe7 Qxe7 13. b4 f6 14. Qc2 Kf7 15. e4 dxe4 16. Nxe4 Nd6 17. c5 Nxe4 18. dxe4 Rad8 19. f4 f5 20. e5 Nb8 21. Rad1 Na6 22. Qa4 g5 23. Rd6 gxf4 24. gxf4 g5 25. Bxc6 Nxc5 26. bxc5 bxc6 27. Qxc6 gxf4 28. Qf3 Qg5+ 29. Kh1 Rxd6 30. cxd6 Rg8 31. Qb7+ Ke8 32. Rc1 Qd8 33. Rc8 f3 34. Qe7# 1-0

[Event "HUN-ch U12"]
[Site "Balatonlelle"]
[Date "2015.06.18"]
[Round "1"]
[White "Csepeli, Martin"]
[Black "Ronai, Akos Balazs"]
[Result "0-1"]
[WhiteElo "1227"]
[BlackElo "1607"]
[PlyCount "60"]
[EventDate "2015.06.18"]
[EventType "swiss"]
[EventRounds "9"]
[EventCountry "HUN"]
[SourceTitle "CBM 167 Extra"]
[Source "ChessBase"]
[SourceDate "2015.09.14"]
[SourceVersion "1"]
[SourceVersionDate "2015.09.14"]
[SourceQuality "1"]

1. e4 c5 2. Nf3 Nc6 3. d4 cxd4 4. Nxd4 Qb6 5. c3 d6 6. Nb5 a6 7. Be3 Qd8 8. Nd4 Nf6 9. Nd2 Ng4 10. Nc4 Nxe3 11. Nxe3 g6 12. Bc4 Bg7 13. Nxc6 bxc6 14. Qa4 Bd7 15. Qb3 0-0 16. 0-0 e6 17. Rad1 d5 18. exd5 cxd5 19. Be2 Qc7 20. Rd2 Rfc8 21. Rfd1 Bb5 22. Bxb5 axb5 23. Qxb5 Rcb8 24. Qe2 Rxa2 25. Nxd5 exd5 26. Rxd5 Raxb2 27. Qf3 Rb1 28. Rxb1 Rxb1+ 29. Rd1 Rxd1+ 30. Qxd1 Qxc3 0-1

[Event "Budapest Art Pub Cup 4th"]
[Site "Budapest"]
[Date "2014.04.20"]
[Round "6"]
[White "Kokeny, Norbert Adrian"]
[Black "Ronai, Akos Balazs"]
[Result "1-0"]
[WhiteElo "1906"]
[BlackElo "1620"]
[PlyCount "51"]
[EventDate "2014.04.16"]
[EventType "swiss"]
[EventRounds "7"]
[EventCountry "HUN"]
[SourceTitle "EXT 2015"]
[Source "ChessBase"]
[SourceDate "2014.11.20"]
[SourceVersion "1"]
[SourceVersionDate "2014.11.20"]
[SourceQuality "1"]

1. d4 d5 2. Nf3 Nf6 3. e3 Bf5 4. Bd3 Bg6 5. 0-0 e6 6. Ne5 Nbd7 7. f4 Bd6 8. Nd2 c5 9. Ndf3 c4 10. Bxg6 hxg6 11. Ng5 Rf8 12. b3 c3 13. Qd3 Rc8 14. a4 Bxe5 15. fxe5 Ng4 16. Nxe6 Qh4 17. h3 Rh8 18. Nxg7+ Kf8 19. Qxg6 Ndxe5 20. dxe5 Nxe5 21. Qd6+ Kxg7 22. Qxe5+ f6 23. Qe7+ Kg6 24. Rf4 Qe1+ 25. Kh2 Qe2 26. Rxf6+ 1-0

[Event "Budapest Art Pub Cup 4th"]
[Site "Budapest"]
[Date "2014.04.17"]
[Round "1"]
[White "Ronai, Akos Balazs"]
[Black "Bohus, Adam"]
[Result "0-1"]
[WhiteElo "1620"]
[BlackElo "2058"]
[PlyCount "82"]
[EventDate "2014.04.16"]
[EventType "swiss"]
[EventRounds "7"]
[EventCountry "HUN"]
[SourceTitle "EXT 2015"]
[Source "ChessBase"]
[SourceDate "2014.11.20"]
[SourceVersion "1"]
[SourceVersionDate "2014.11.20"]
[SourceQuality "1"]

1. d4 d5 2. c4 dxc4 3. e3 Nf6 4. Nf3 e6 5. Nc3 a6 6. Bxc4 c5 7. d5 b5 8. Bb3 c4 9. Bc2 exd5 10. 0-0 Bb7 11. Re1 Bc5 12. e4 0-0 13. e5 Ne4 14. Nxe4 dxe4 15. Qxd8 Rxd8 16. Bg5 Re8 17. Bxe4 Bxe4 18. Rxe4 Nc6 19. Rd1 Nb4 20. Rf4 Nd3 21. Rf5 g6 22. Rf6 Nxf2 23. Rd5 Ne4+ 24. Kf1 Nxf6 25. Bxf6 Be7 26. Rd7 Bxf6 27. exf6 Rad8 28. Ra7 Re6 29. Ng5 Rxf6+ 30. Ke2 h6 31. Nf3 Re6+ 32. Kf2 Kg7 33. g4 Rde8 34. g5 hxg5 35. Nxg5 Rf6+ 36. Nf3 Re4 37. Kg3 Re3 38. Kh4 Rexf3 39. b3 Kh6 40. Ra8 g5+ 41. Kg4 R6f4# 0-1

[Event "Budapest Art Pub Cup 3rd"]
[Site "Budapest"]
[Date "2014.01.03"]
[Round "3"]
[White "Ronai, Akos Balazs"]
[Black "Bohus, Adam"]
[Result "0-1"]
[WhiteElo "1638"]
[BlackElo "2033"]
[PlyCount "70"]
[EventDate "2014.01.02"]
[EventType "swiss"]
[EventRounds "7"]
[EventCountry "HUN"]
[SourceTitle "CBM 158 Extra"]
[Source "ChessBase"]
[SourceDate "2014.02.28"]
[SourceVersion "1"]
[SourceVersionDate "2014.02.28"]
[SourceQuality "1"]

1. e4 e5 2. Nf3 Nc6 3. Bc4 Bc5 4. 0-0 Nf6 5. d3 d6 6. h3 h6 7. c3 Bb6 8. b4 0-0 9. Be3 Bxe3 10. fxe3 a6 11. Nbd2 d5 12. exd5 Nxd5 13. Bxd5 Qxd5 14. Qc2 Be6 15. a3 Qd7 16. Rad1 Rae8 17. Nb3 b6 18. e4 Kh8 19. Rfe1 f5 20. a4 fxe4 21. dxe4 Qf7 22. Nc1 Bxh3 23. Re3 Bg4 24. Rf1 Qc4 25. Ne2 Nd4 26. Nexd4 exd4 27. Rd3 dxc3 28. Rxc3 Qxb4 29. Rxc7 Bxf3 30. Rxf3 Qe1+ 31. Kh2 Rxf3 32. gxf3 Re5 33. Rc8+ Kh7 34. Qc4 Rh5+ 35. Kg2 Rg5+ 0-1